Сборник задач по алгебре, геометрии и началам анализа: учебное пособие

Podrobná bibliografie
Hlavní autor: Петрушко И. М. Игорь Мелетиевич
Další autoři: Прохоренко В. И. Валерий Иванович, Сафонов В. Ф. Валерий Федорович
Shrnutí:Предлагаемое учебное пособие содержит краткие теоретические сведения по всем разделам алгебры, тригонометрии, геометрии и началам математического анализа. Излагаются методы решения всех типовых задач. Каждая глава издания содержит задачи для самостоятельного решения, разбитые по нарастающей степени сложности на группы А, В, С. Главы завершаются контрольными тестами, предназначенными для проверки усвоения соответствующего материала. В заключительной главе приведены итоговые тесты по всему курсу математики. Предназначено для учащихся средних школ и для преподавателей, ведущих занятия в колледжах, лицеях, на подготовительных курсах и других подразделениях системы довузовской подготовки.
Jazyk:ruština
Vydáno: СПб., Лань, 2007
Vydání:2-е изд., испр.
Edice:Учебники для вузов. Специальная литература
Témata:
Médium: MixedMaterials Kniha
KOHA link:https://koha.lib.tpu.ru/cgi-bin/koha/opac-detail.pl?biblionumber=121948

MARC

LEADER 00000nam0a2200000 4500
001 121948
005 20231031125744.0
010 |a 9785811407262 
035 |a (RuTPU)RU\TPU\book\132057 
090 |a 121948 
100 |a 20070924d2007 m y0rusy50 ca 
101 0 |a rus 
102 |a RU 
105 |a y j 001zy 
200 1 |a Сборник задач по алгебре, геометрии и началам анализа  |e учебное пособие  |f И. М. Петрушко, В. И. Прохоренко, В. Ф. Сафонов 
205 |a 2-е изд., испр. 
210 |a СПб.  |c Лань  |d 2007 
215 |a 576 с. 
225 1 |a Учебники для вузов. Специальная литература 
320 |a Библиогр.: с. 570. 
330 |a Предлагаемое учебное пособие содержит краткие теоретические сведения по всем разделам алгебры, тригонометрии, геометрии и началам математического анализа. Излагаются методы решения всех типовых задач. Каждая глава издания содержит задачи для самостоятельного решения, разбитые по нарастающей степени сложности на группы А, В, С. Главы завершаются контрольными тестами, предназначенными для проверки усвоения соответствующего материала. В заключительной главе приведены итоговые тесты по всему курсу математики. Предназначено для учащихся средних школ и для преподавателей, ведущих занятия в колледжах, лицеях, на подготовительных курсах и других подразделениях системы довузовской подготовки. 
610 1 |a алгебра 
610 1 |a геометрия 
610 1 |a математический анализ 
610 1 |a задачи 
610 1 |a действительные числа 
610 1 |a корень n -й степени 
610 1 |a иррациональные выражения 
610 1 |a упрощение 
610 1 |a функции 
610 1 |a рациональные уравнения 
610 1 |a рациональные неравенства 
610 1 |a иррациональные уравнения 
610 1 |a иррациональные неравенства 
610 1 |a тригонометрия 
610 1 |a планиметрия 
610 1 |a стереометрия 
610 1 |a показательные функции 
610 1 |a показательные уравнения 
610 1 |a логарифмические функции 
610 1 |a логарифмические уравнения 
610 1 |a уравнения с параметрами 
610 1 |a учебные пособия 
675 |a 51(076)  |v 3 
700 1 |a Петрушко  |b И. М.  |g Игорь Мелетиевич 
701 1 |a Прохоренко  |b В. И.  |g Валерий Иванович 
701 1 |a Сафонов  |b В. Ф.  |g Валерий Федорович 
801 1 |a RU  |b 63413507  |c 20070924  |g PSBO 
801 2 |a RU  |b 63413507  |c 20120504  |g PSBO 
900 |a Алгебра и геометрия 
942 |c BK 
959 |a 63/20070924  |d 5  |e 0  |f АНЛ:1  |f ЧЗТЛ:1  |f УФ:3